000 00672nam a2200229Ia 4500
003 OSt
005 20220925201313.0
006 a|||||r|||| 00| 0
007 ta
008 220923b |||||||| |||| 00| 0 eng d
037 _cGeneral Book
040 _aRTL
_cRTL
_beng
041 _2eng
_aeng
082 _aX9B.2. N55t, J5
110 _aINDIA,PLANNING(-Commision)
_9260220
245 0 _aVillage and small scale industries (-committee)
260 _aDelhi
_bManager of publication
_c1955
300 _a89p.,Appp88-89
_ccm.
700 _aINDIA,PLANNING(-Commision)
_9260221
942 _hX9B.2. N55t, J5
_cGB
_2CC
999 _c539688
_d539688